[Event "Reykjavik Open 2015"]
[Site "Reykjavik ISL"]
[Date "2015.03.14"]
[Round "6.89"]
[White "Gschwendtner, Stanislav"]
[Black "Hansen, Tommy"]
[Result "1/2-1/2"]
[WhiteElo "2009"]
[BlackElo "1807"]
[WhiteFideId "307297"]
[BlackFideId "1511009"]
[EventDate "2015.03.10"]

1. c4 Nc6 2. Nc3 e5 3. g3 f5 4. Bg2 Nf6 5. e3 d5 6. cxd5 Nb4 7. d4 e4 8. Bf1
Nfxd5 9. a3 Nxc3 10. bxc3 Nd5 11. c4 Nf6 12. Qb3 Be7 13. c5 c6 14. Bc4 Nd5 15.
Ne2 g5 16. Bxd5 Qxd5 17. Qxd5 cxd5 18. Nc3 Be6 19. Rb1 O-O-O 20. Bd2 h5 21. Nb5
Bd7 22. Ba5 Bxb5 23. Bxd8 Bd3 24. Bxe7 Bxb1 25. Bxg5 Kd7 26. Kd2 Bd3 27. Rc1 Rc8
28. f3 Rc6 29. fxe4 fxe4 30. Kc3 Bc4 31. Kd2 Bd3 32. Rc3 Bc4 33. Bf4 Rf6 34. h3
b6 35. g4 hxg4 36. hxg4 bxc5 37. dxc5 Kc6 38. g5 Rg6 39. Rc1 Kxc5 40. Rh1 d4 41.
Rh6 Rb6 42. exd4+ Kd5 43. Rxb6 axb6 44. Ke3 b5 45. g6 Ke6 46. Kxe4 Bd5+ 47. Kd3
Kf6 48. Kc3 Kxg6 49. Kb4 Bc6 50. Kc5 Be8 51. d5 Kf6 52. Bd6 Bd7 53. Kb6 Kf7 54.
Kc7 Ke8 55. Bg3 Bg4 56. d6 Bf5 57. Bh4 Bg4 58. Be7 Bf5 59. Bg5 Bg4 60. Kc6 Bd7+
61. Kb6 Kf7 62. Bh4 Ke8 63. Kc7 Bg4 64. Kc6 Bd7+ 65. Kd5 Bg4 66. Kc6 1/2-1/2

[Event "Reykjavik Open 2015"]
[Site "Reykjavik ISL"]
[Date "2015.03.14"]
[Round "6.90"]
[White "Murray, Michael A."]
[Black "Opasiak, Dustin Tennessee"]
[Result "1-0"]
[WhiteElo "2008"]
[BlackElo "1781"]
[WhiteFideId "2609126"]
[BlackFideId "24630217"]
[EventDate "2015.03.10"]

1. e4 d5 2. Nc3 d4 3. Nce2 e5 4. Ng3 Be6 5. Nf3 f6 6. Bb5+ c6 7. Ba4 Na6 8. Bb3
Nc5 9. Bxe6 Nxe6 10. d3 Qa5+ 11. Nd2 Nh6 12. O-O g6 13. Nc4 Qc7 14. a4 b5 15.
axb5 cxb5 16. Na3 Bxa3 17. Rxa3 g5 18. Qh5+ Nf7 19. Nf5 a5 20. Bd2 Nf4 21. Bxf4
gxf4 22. Ng7+ Ke7 23. Nf5+ Kf8 24. c3 Ra7 25. cxd4 b4 26. Raa1 a4 27. Rfc1 Qd7
28. d5 Rc7 29. Qd1 Rxc1 30. Qxc1 Nd8 31. Qc5+ 1-0

[Event "Reykjavik Open 2015"]
[Site "Reykjavik ISL"]
[Date "2015.03.14"]
[Round "6.91"]
[White "Hansen, Lars-Henrik Bech"]
[Black "Sigurdsson, Birkir Karl"]
[Result "1-0"]
[WhiteElo "1994"]
[BlackElo "1767"]
[WhiteFideId "1402021"]
[BlackFideId "2304180"]
[EventDate "2015.03.10"]

1. e4 e6 2. d4 d5 3. Nc3 Bb4 4. Bd2 dxe4 5. Qg4 Qxd4 6. O-O-O h5 7. Qh4 Bd7 8.
Nf3 Qb6 9. Nxe4 Bxd2+ 10. Rxd2 Nc6 11. Qg5 g6 12. Bc4 Nce7 13. Ne5 Bc6 14. Qf4
Nf5 15. Ng5 Ngh6 16. Re1 O-O 17. Ngxf7 Kg7 18. Ng5 Rae8 19. Nxe6+ Rxe6 20. Bxe6
Rf6 21. Nxc6 Qxc6 22. Rd7+ Nf7 23. Qxc7 Rxe6 24. Rxf7+ Kh6 25. Rh7+ Kg5 26. h4+
Nxh4 27. Qg3+ Kf5 28. Rf7+ Rf6 29. Re5# 1-0

[Event "Reykjavik Open 2015"]
[Site "Reykjavik ISL"]
[Date "2015.03.14"]
[Round "6.92"]
[White "Vigdal, Per Kr"]
[Black "Nilsen, Tobias Lang"]
[Result "0-1"]
[WhiteElo "1985"]
[BlackElo "1761"]
[WhiteFideId "1504681"]
[BlackFideId "1521624"]
[EventDate "2015.03.10"]

1. e4 e6 2. d4 d5 3. e5 c5 4. Qg4 f5 5. Qg3 cxd4 6. Nf3 Nc6 7. Bd3 Bd7 8. O-O
Nge7 9. c3 dxc3 10. Nxc3 a6 11. Re1 g6 12. h4 Bg7 13. h5 Qc7 14. h6 Bf8 15. Bf4
Qd8 16. Bg5 Qc7 17. Rac1 Ng8 18. Qh4 Be7 19. a3 Bxg5 20. Nxg5 Nge7 21. Nf7 Rf8
22. Nd6+ Kd8 23. f4 Qb6+ 24. Kh1 Na7 25. a4 Nc8 26. a5 Qb4 27. Na2 Qb3 28. Rc3
Qxa2 29. Nxb7+ Ke8 30. Nd6+ Nxd6 31. exd6 Ng8 32. b4 Qd2 33. Rec1 d4 34. Rc7
Qxd3 35. Qe1 Qe3 36. Qd1 Nf6 37. R1c4 Qxf4 38. Rxd4 Qxh6+ 39. Kg1 Qe3+ 40. Kh1
Ng4 41. Rd2 Qg3 0-1

[Event "Reykjavik Open 2015"]
[Site "Reykjavik ISL"]
[Date "2015.03.14"]
[Round "6.93"]
[White "Stuhr, Peter Sebastian"]
[Black "Burgisser, Claude"]
[Result "1-0"]
[WhiteElo "1973"]
[BlackElo "1724"]
[WhiteFideId "1426729"]
[BlackFideId "656801"]
[EventDate "2015.03.10"]

1. Nc3 f5 2. e4 d6 3. Bc4 Nf6 4. d4 fxe4 5. Bg5 Nbd7 6. Be6 c6 7. d5 Qa5 8. Qd4
Qb6 9. Nge2 Nc5 10. Bxf6 gxf6 11. Nxe4 Bg7 12. Nxc5 Qxc5 13. Qg4 Bxe6 14. dxe6
Qg5 15. Qh3 Qe5 16. Qb3 O-O-O 17. f4 Qe4 18. Qd3 Qxe6 19. O-O Qd5 20. Qxd5 cxd5
21. f5 e5 22. fxe6 Rde8 23. Nd4 f5 24. Nxf5 Be5 25. e7 Kd7 26. Rad1 Ke6 27. Rd3
Rhg8 28. Rb3 Rg5 29. Rbf3 Rh5 30. h4 Rxf5 31. Rxf5 Rxe7 32. b3 h6 33. Rh5 Bd4+
34. Kh1 Bg7 35. Re1+ 1-0

[Event "Reykjavik Open 2015"]
[Site "Reykjavik ISL"]
[Date "2015.03.14"]
[Round "6.94"]
[White "Hauksdottir, Hrund"]
[Black "Gyldenas, Ole Jorn"]
[Result "1/2-1/2"]
[WhiteElo "1692"]
[BlackElo "1969"]
[WhiteFideId "2302608"]
[BlackFideId "1503847"]
[EventDate "2015.03.10"]

1. e4 e6 2. d4 d5 3. exd5 Qxd5 4. Nf3 Nf6 5. Be2 Be7 6. O-O O-O 7. c4 Qd6 8. Nc3
c6 9. Qc2 b6 10. Rd1 Bb7 11. Bg5 Nbd7 12. Bh4 Qc7 13. Bd3 Rfe8 14. Re1 g6 15.
Rad1 Rad8 16. Qc1 Kg7 17. Bg3 Bd6 18. Ne5 Nh5 19. Nxd7 Rxd7 20. Be5+ f6 21. Bxd6
Qxd6 22. Qe3 Qf4 23. Qh3 f5 24. d5 e5 25. Be4 cxd5 26. Nxd5 Bxd5 27. Bxd5 Nf6
28. Qa3 Ng4 29. Qg3 Qxg3 30. hxg3 Nf6 31. Bc6 Rxd1 32. Rxd1 Re6 33. Bd7 Re7 34.
Bc6 Rc7 35. Bb5 Ne4 36. Rd5 Re7 37. Kf1 Kf6 38. Ke2 Ke6 39. Rd8 Nd6 40. Bc6 e4
41. Bd5+ Ke5 42. Ke3 Ne8 43. Bc6 Nf6 44. b3 Ng4+ 45. Ke2 Kf6 46. Rd5 Ne5 47. Ba4
g5 48. c5 bxc5 49. Rxc5 Nd3 50. Rc6+ Ke5 51. a3 Kd5 52. Rc8 Nc5 53. Bc6+ Ke5 54.
b4 Nb3 55. Ba4 Nd4+ 56. Kd2 f4 57. Rg8 Kf6 58. gxf4 gxf4 59. g3 e3+ 60. Ke1 Rc7
61. Rf8+ Kg7 62. Rxf4 Rc1+ 63. Bd1 Nc2+ 64. Ke2 exf2 65. Rxf2 Nxa3 1/2-1/2

[Event "Reykjavik Open 2015"]
[Site "Reykjavik ISL"]
[Date "2015.03.14"]
[Round "6.95"]
[White "Jonsson, Gauti Pall"]
[Black "Holm, Fridgeir K"]
[Result "1-0"]
[WhiteElo "1968"]
[BlackElo "1700"]
[WhiteFideId "2309092"]
[BlackFideId "2307324"]
[EventDate "2015.03.10"]

1. Nf3 b6 2. e4 Bb7 3. Bc4 d5 4. exd5 Bxd5 5. Bxd5 Qxd5 6. O-O e6 7. Nc3 Qh5 8.
d4 Nf6 9. Re1 Bb4 10. Re5 Qg6 11. Rg5 Nc6 12. Rxg6 hxg6 13. Qe2 a6 14. a3 Bd6
15. Ne4 Nxe4 16. Qxe4 Kd7 17. Ne5+ Nxe5 18. dxe5 Be7 19. Be3 1-0

[Event "Reykjavik Open 2015"]
[Site "Reykjavik ISL"]
[Date "2015.03.14"]
[Round "6.96"]
[White "Petersson, Baldur Teodor"]
[Black "Lee, Gudmundur Kristinn"]
[Result "1-0"]
[WhiteElo "1951"]
[BlackElo "1676"]
[WhiteFideId "2309157"]
[BlackFideId "2303361"]
[EventDate "2015.03.10"]

1. e4 e5 2. Nf3 Nc6 3. Bc4 Bc5 4. c3 Nf6 5. d4 exd4 6. cxd4 Bb4+ 7. Nc3 Nxe4 8.
O-O Bxc3 9. d5 O-O 10. bxc3 Ne7 11. Re1 b5 12. Rxe4 bxc4 13. d6 Ng6 14. Bg5 f6
15. Qd5+ Kh8 16. Qxa8 fxg5 17. Rae1 cxd6 18. Qd5 Nf4 19. Qxg5 Qxg5 20. Nxg5 Nd3
21. Re8 Kg8 22. Nxh7 Kxh7 23. Rxf8 Bb7 24. Re3 Ne5 25. Re8 Ng4 26. Rh3+ Kg6 27.
Rg3 Kf7 28. Rb8 1-0

[Event "Reykjavik Open 2015"]
[Site "Reykjavik ISL"]
[Date "2015.03.14"]
[Round "6.97"]
[White "Gaarder, Hans K."]
[Black "Klausen, Kris"]
[Result "1-0"]
[WhiteElo "1701"]
[BlackElo "1937"]
[WhiteFideId "1510479"]
[BlackFideId "1445570"]
[EventDate "2015.03.10"]

1. d4 Nf6 2. c4 e5 3. Nc3 exd4 4. Qxd4 Nc6 5. Qd1 Bc5 6. Nf3 h6 7. e3 O-O 8. a3
a5 9. Be2 Re8 10. O-O d6 11. Qc2 Ng4 12. Nd5 Be6 13. h3 Nge5 14. Rd1 Nxf3+ 15.
Bxf3 Ne5 16. Be2 c6 17. Nf4 Qf6 18. Bd2 Bb6 19. Bc3 Qe7 20. Qe4 f5 21. Qc2 g5
22. Nh5 Rf8 23. g4 Bc5 24. b4 axb4 25. axb4 Rxa1 26. Rxa1 Bb6 27. Bxe5 dxe5 28.
c5 Bc7 29. Bc4 Qf7 30. Rc1 fxg4 31. hxg4 Bxc4 32. Qxc4 Qxc4 33. Rxc4 Kf7 34. Rc2
Ra8 35. Rd2 Ke7 36. Ng3 Ra4 37. Rb2 Kf6 38. e4 b6 39. Kg2 Ra8 40. cxb6 Bxb6 41.
Rc2 Rc8 42. Nf5 c5 43. bxc5 Rxc5 44. Rd2 Rc6 45. Nxh6 Bd4 46. Nf5 Rc4 47. Ra2
Rc6 48. Kf3 Rc3+ 49. Ke2 Rb3 50. Ra6+ Rb6 51. Rxb6+ Bxb6 52. Nd6 Ke6 53. Nc4 Bd4
54. f3 Bg1 55. Kd3 Bh2 56. Kc3 Kd7 57. Nb2 Kc6 58. Kc4 Bg3 59. Nd3 Bh2 60. Nc5
Kd6 61. Nd3 Kc6 62. Nf2 Bg1 63. Nd1 Bh2 64. Ne3 Bg1 65. Nf5 Bh2 66. Nh6 Bg3 67.
Nf7 Bf4 68. Kb4 Bd2+ 69. Kc4 Bf4 70. Nd8+ Kd7 71. Nb7 Kc6 72. Nc5 Kd6 73. Kb5
Be3 74. Nd3 Bg1 75. Nb2 Bh2 76. Nc4+ Ke6 77. Kc6 Bg3 78. Nb6 Bh2 79. Na8 Bg3 80.
Nc7+ Ke7 81. Kd5 Bh2 82. Ne6 Kf6 83. Kd6 Bg3 84. Nc5 Bf4 85. Nd7+ Kf7 86. Nc5
Kf6 87. Nd3 Bg3 88. Nb4 Bh2 89. Nd5+ Kf7 90. Nc7 Bg3 91. Ne6 Kf6 92. Nf8 Kf7 93.
Ne6 Kf6 94. Nc5 Bh2 95. Nd7+ Kf7 96. Kd5 Ke7 97. Nxe5 Kf6 98. Nd3 Bg1 99. Kd6
Bd4 100. e5+ 1-0

[Event "Reykjavik Open 2015"]
[Site "Reykjavik ISL"]
[Date "2015.03.14"]
[Round "6.98"]
[White "Fivelstad, Jon Olav"]
[Black "Gasanova, Ulker"]
[Result "1-0"]
[WhiteElo "1929"]
[BlackElo "1645"]
[WhiteFideId "1510339"]
[BlackFideId "2302055"]
[EventDate "2015.03.10"]

1. c4 e6 2. g3 Nf6 3. Bg2 d6 4. d4 Nbd7 5. Nf3 Nb6 6. b3 Be7 7. O-O O-O 8. Nc3
a6 9. Bb2 c5 10. a4 Qc7 11. Rc1 Rd8 12. Qc2 Bd7 13. e4 cxd4 14. Nxd4 Bc6 15. Qe2
Nbd7 16. Nd5 Bxd5 17. cxd5 Qb6 18. dxe6 Nc5 19. exf7+ Kxf7 20. Qc4+ Ke8 21. Ne6
Nxe6 22. Qxe6 Qb4 23. Bxf6 gxf6 24. Rc7 1-0

[Event "Reykjavik Open 2015"]
[Site "Reykjavik ISL"]
[Date "2015.03.14"]
[Round "6.99"]
[White "Ugland, Torge"]
[Black "Undheim, Bjarne"]
[Result "0-1"]
[WhiteElo "1636"]
[BlackElo "1926"]
[WhiteFideId "1508873"]
[BlackFideId "1506862"]
[EventDate "2015.03.10"]

1. e4 d5 2. exd5 Nf6 3. Bb5+ Bd7 4. Bc4 Bg4 5. Nf3 Nxd5 6. d4 Nc6 7. c3 e6 8.
Nbd2 Bd6 9. Ne4 Qe7 10. Nxd6+ Qxd6 11. Be2 O-O-O 12. O-O Nf4 13. Bxf4 Qxf4 14.
Qc2 Bf5 15. Qc1 Qd6 16. Qe3 h5 17. Rfd1 f6 18. h4 Bg4 19. Rd2 Kb8 20. Rad1 Ne7
21. Bd3 Nd5 22. Qe4 f5 23. Qe5 Qe7 24. Re1 Bxf3 25. gxf3 Qxh4 26. Qg3 Qf6 27.
Qe5 Qg5+ 0-1

[Event "Reykjavik Open 2015"]
[Site "Reykjavik ISL"]
[Date "2015.03.14"]
[Round "6.100"]
[White "Stefansson, Vignir Vatnar"]
[Black "Davidsdottir, Nansy"]
[Result "1-0"]
[WhiteElo "1909"]
[BlackElo "1641"]
[WhiteFideId "2308649"]
[BlackFideId "2309491"]
[EventDate "2015.03.10"]

1. d4 c6 2. c4 d5 3. Nf3 Nf6 4. e3 e6 5. Nbd2 Nbd7 6. b3 Be7 7. Bd3 c5 8. O-O b6
9. Bb2 cxd4 10. Nxd4 Bb7 11. cxd5 Bxd5 12. Rc1 O-O 13. Qe2 Nc5 14. Bb5 Rc8 15.
b4 a6 16. bxc5 axb5 17. c6 Bc5 18. c7 Rxc7 19. Nxb5 Rd7 20. Nf3 Bb7 21. Nfd4 Bd5
22. Nf3 Bb7 23. Rfd1 Ba6 24. a4 Rxd1+ 25. Rxd1 Qe7 26. Ne5 Bb7 27. Qd2 Bd5 28.
Bd4 Ne4 29. Qb2 Bxd4 30. Qxd4 Nc5 31. Nc3 Bb7 32. Nc4 Qg5 33. e4 Bc6 34. Nxb6
Nb3 35. Qd6 Na5 36. Qg3 Qc5 37. Qe3 Qxe3 38. fxe3 Rb8 39. Rd4 h6 40. Nc4 Rb3 41.
Nxa5 Rxc3 42. Kf2 Rc5 43. Nxc6 Rxc6 44. a5 Ra6 45. Ra4 Kf8 46. Ke2 Ke7 47. Kd3
Kd6 48. Kc4 Kc6 49. Ra3 Ra7 50. Kb4 Rb7+ 51. Kc4 Ra7 52. Ra2 Rc7 53. Kb4 Rb7+
54. Ka4 Rb5 55. Rf2 Re5 56. Rc2+ Rc5 57. Rb2 Rc4+ 58. Rb4 Rxb4+ 59. Kxb4 f6 60.
g4 g6 61. Kc4 e5 62. h4 h5 63. gxh5 gxh5 64. Kb4 Kb7 65. Kb5 Ka7 66. a6 Kb8 67.
Kb6 Ka8 68. a7 1-0

[Event "Reykjavik Open 2015"]
[Site "Reykjavik ISL"]
[Date "2015.03.14"]
[Round "6.101"]
[White "Palmeri, Ralph P"]
[Black "Bjarnason, Vignir"]
[Result "0-1"]
[WhiteElo "1642"]
[BlackElo "1895"]
[WhiteFideId "2057417"]
[BlackFideId "2301504"]
[EventDate "2015.03.10"]

1. e4 e6 2. d3 d5 3. Nd2 d4 4. Ngf3 c5 5. g3 Nc6 6. Bg2 e5 7. O-O Bg4 8. h3 Be6
9. Re1 Bd6 10. b3 h6 11. Nc4 Bc7 12. Nh4 b5 13. Nd2 Qd7 14. g4 g6 15. Kh2 h5 16.
g5 O-O-O 17. Qf3 Qe7 18. Nf1 Rf8 19. Ng3 Qe8 20. Kg1 f6 21. Qe2 Bd8 22. Nf3 h4
23. Nf1 Rh5 24. gxf6 Bxf6 25. N3h2 g5 26. Ng4 Bd8 27. Bf3 Rh7 28. Nfh2 Rhf7 29.
Rf1 Rg7 30. Kh1 Nge7 31. Rg1 Ng6 32. Rg2 Nf4 33. Bxf4 Rxf4 34. Nf1 Qf8 35. Nd2
Rgf7 36. Nh2 Bxh3 37. Bg4+ Bxg4 38. Nxg4 Qh8 39. a4 Ba5 40. axb5 Bxd2 41. Qxd2
Nb8 42. Qa5 Rb7 43. c3 Qe8 44. c4 Qe6 45. Rag1 Rg7 46. b4 Qd6 47. bxc5 Qxc5 48.
Nh6 Rg6 49. Nf5 g4 50. Nxh4 Rh6 51. Rxg4 Rxh4+ 52. Rxh4 Rxh4+ 53. Kg2 Rg4+ 54.
Kf1 Rxg1+ 55. Kxg1 Qb6 56. Qxb6 axb6 57. Kg2 Nd7 58. Kg3 Nc5 59. Kg4 Nxd3 60. f3
Kd7 61. Kf5 Kd6 0-1

[Event "Reykjavik Open 2015"]
[Site "Reykjavik ISL"]
[Date "2015.03.14"]
[Round "6.102"]
[White "Klofsrud, August"]
[Black "Sandberg, Martin"]
[Result "1/2-1/2"]
[WhiteElo "1571"]
[BlackElo "1889"]
[WhiteFideId "1518232"]
[BlackFideId "1707159"]
[EventDate "2015.03.10"]

1. d4 e6 2. c4 Nf6 3. Nc3 Bb4 4. Qc2 O-O 5. Nf3 c5 6. dxc5 Na6 7. e4 Bxc3+ 8.
bxc3 Nxc5 9. e5 Nfe4 10. Be3 Qc7 11. Bd3 Nxd3+ 12. Qxd3 f5 13. exf6 Nxf6 14. Ng5
h6 15. h4 Qe5 16. Nf3 Ng4 17. Nxe5 Nxe5 18. Qd4 Nc6 19. Qg4 Ne5 20. Qg3 Nd3+ 21.
Ke2 Nb2 22. Qg4 d5 23. Qd4 Nxc4 24. Rh3 Nd6 25. Rf3 Nf5 26. Qd3 Bd7 27. g4 a6
28. Kd2 Bb5 29. Qc2 d4 30. gxf5 dxe3+ 31. fxe3 Bc6 32. Rg3 Rxf5 33. Kc1 Raf8 34.
Kb2 Rf2 35. Rag1 Rxc2+ 36. Kxc2 Be4+ 37. Kb3 g6 38. Rg4 Bf5 39. Rf4 e5 40. Rb4
b5 41. Ka3 Bd3 42. Rbg4 Rc8 43. Kb2 Rf8 44. R1g2 1/2-1/2

[Event "Reykjavik Open 2015"]
[Site "Reykjavik ISL"]
[Date "2015.03.14"]
[Round "6.103"]
[White "Jonasson, Hordur"]
[Black "Kenney, David"]
[Result "1-0"]
[WhiteElo "1562"]
[BlackElo "1885"]
[WhiteFideId "2311224"]
[BlackFideId "2617064"]
[EventDate "2015.03.10"]

1. d4 d5 2. Bf4 Nf6 3. e3 g6 4. h3 Bg7 5. Nf3 O-O 6. Bd3 b6 7. O-O Ba6 8. Bxa6
Nxa6 9. c3 Nb8 10. Nbd2 Nbd7 11. b4 c5 12. bxc5 bxc5 13. Rb1 c4 14. Re1 Nb6 15.
a4 a5 16. Rb5 Nfd7 17. e4 e6 18. exd5 Nxd5 19. Bd6 Nxc3 20. Qc2 Nxb5 21. Bxf8
Nxd4 22. Nxd4 Nxf8 23. Nb5 Rc8 24. Nxc4 Qd5 25. Nba3 Nd7 26. Rd1 Qc6 27. Qd2 Nc5
28. Qxa5 Nxa4 29. Rd6 Qe8 30. Ra6 Nc3 31. Nd6 Ne2+ 32. Kf1 Rc1+ 33. Kxe2 1-0

[Event "Reykjavik Open 2015"]
[Site "Reykjavik ISL"]
[Date "2015.03.14"]
[Round "6.104"]
[White "Ingason, Sigurdur"]
[Black "Babijczuk, Wojciech"]
[Result "0-1"]
[WhiteElo "1880"]
[BlackElo "1549"]
[WhiteFideId "2301709"]
[BlackFideId "1190881"]
[EventDate "2015.03.10"]

1. d4 g6 2. c4 Bg7 3. Nc3 d6 4. e4 c6 5. Be2 Nf6 6. Bg5 Nbd7 7. Qd2 c5 8. d5 h6
9. Bf4 a6 10. Nf3 Rb8 11. e5 dxe5 12. Nxe5 Nxe5 13. Bxe5 Ra8 14. O-O O-O 15. Qe3
b6 16. Qg3 Ra7 17. d6 exd6 18. Bxd6 Re8 19. Rad1 Rd7 20. Bf3 Re6 21. Bf4 Rxd1
22. Rxd1 Qxd1+ 0-1

[Event "Reykjavik Open 2015"]
[Site "Reykjavik ISL"]
[Date "2015.03.14"]
[Round "6.107"]
[White "Foisor, Sabina-Francesca"]
[Black "Halldorsson, Haukur"]
[Result "1-0"]
[WhiteTitle "WGM"]
[WhiteElo "2279"]
[BlackElo "1575"]
[WhiteFideId "1212915"]
[BlackFideId "2305089"]
[EventDate "2015.03.10"]

1. d4 d5 2. c4 c6 3. Nc3 Nf6 4. e3 e6 5. Nf3 Nbd7 6. Qc2 Bd6 7. g4 g6 8. Rg1 a6
9. Bd2 Bb4 10. O-O-O Bxc3 11. Bxc3 Rg8 12. Bd3 dxc4 13. Bxc4 b5 14. Be2 Bb7 15.
g5 Nd5 16. Bd2 c5 17. Kb1 c4 18. e4 Ne7 19. Rge1 Kf8 20. Ka1 a5 21. Bf4 Rc8 22.
Bf1 Kg7 23. d5 exd5 24. Qc3+ Kf8 25. exd5 Nf5 26. Nd4 Nc5 27. Nxf5 gxf5 28. Qf6
Ne4 29. Qxf5 Nxf2 30. Qxh7 Nxd1 31. g6 Rxg6 32. Qh8+ 1-0

[Event "Reykjavik Open 2015"]
[Site "Reykjavik ISL"]
[Date "2015.03.14"]
[Round "6.108"]
[White "Ragnarsson, Heimir Pall"]
[Black "Valtysson, Thor"]
[Result "0-1"]
[WhiteElo "1497"]
[BlackElo "1974"]
[WhiteFideId "2308860"]
[BlackFideId "2301903"]
[EventDate "2015.03.10"]

1. c4 c6 2. Nf3 d5 3. b3 Bf5 4. d3 h6 5. g3 e6 6. Bg2 Nf6 7. O-O Be7 8. Nbd2 O-O
9. Bb2 Nbd7 10. Re1 Bh7 11. e4 dxe4 12. dxe4 Nc5 13. Nd4 Nd3 14. Qc2 Nxe1 15.
Rxe1 Qb6 16. Qd1 Rad8 17. e5 Ne8 18. Qg4 Bb4 19. Rd1 c5 20. Ne4 Bxe4 21. Qxe4
cxd4 22. Rxd4 Rxd4 23. Bxd4 Bc5 24. Bxc5 Qxc5 25. Qxb7 Nc7 0-1

[Event "Reykjavik Open 2015"]
[Site "Reykjavik ISL"]
[Date "2015.03.14"]
[Round "6.109"]
[White "Stam, Bart"]
[Black "Kravchuk, Mykhaylo"]
[Result "1-0"]
[WhiteElo "1972"]
[BlackElo "1475"]
[WhiteFideId "1006240"]
[BlackFideId "2310007"]
[EventDate "2015.03.10"]

1. e4 e5 2. Nf3 Nf6 3. Nxe5 d6 4. Nf3 Nxe4 5. Nc3 Nxc3 6. dxc3 Be7 7. Be3 O-O 8.
Qd2 Bf5 9. O-O-O Nc6 10. a3 Bg6 11. Rg1 Bf6 12. g4 h6 13. Be2 Be4 14. g5 hxg5
15. Nxg5 Bg6 16. h4 Ne5 17. f4 Nd7 18. h5 Bf5 19. Bd3 Be6 20. h6 1-0

[Event "Reykjavik Open 2015"]
[Site "Reykjavik ISL"]
[Date "2015.03.14"]
[Round "6.110"]
[White "Jonsson, Olafur Gisli"]
[Black "Luu, Robert"]
[Result "1-0"]
[WhiteElo "1899"]
[BlackElo "1362"]
[WhiteFideId "2302705"]
[BlackFideId "2311798"]
[EventDate "2015.03.10"]

1. e4 c6 2. d4 d5 3. Nc3 dxe4 4. Nxe4 Nf6 5. Nxf6+ exf6 6. c3 Bd6 7. Bc4 O-O 8.
Ne2 Bf5 9. O-O Nd7 10. Ng3 Bg6 11. Qf3 Qc7 12. Bb3 Rac8 13. h4 h6 14. h5 Bh7 15.
Nf5 Bxf5 16. Qxf5 Rfe8 17. Bxh6 gxh6 18. Qg6+ Kh8 19. Qxh6+ Kg8 20. Qg6+ Kh8 21.
Bxf7 Bf8 22. Qg8# 1-0

[Event "Reykjavik Open 2015"]
[Site "Reykjavik ISL"]
[Date "2015.03.14"]
[Round "6.111"]
[White "Johansen, Arnt-Ole"]
[Black "Mai, Aron Thor"]
[Result "1-0"]
[WhiteElo "1819"]
[BlackElo "1320"]
[WhiteFideId "1516728"]
[BlackFideId "2313383"]
[EventDate "2015.03.10"]

1. c4 e5 2. g3 Bc5 3. Bg2 d6 4. Nc3 a6 5. e3 Nc6 6. Nge2 Nge7 7. O-O O-O 8. d3
Bg4 9. h3 Bd7 10. b3 Qc8 11. Kh2 Bf5 12. Bb2 Nb4 13. Nc1 Rb8 14. a3 Nbc6 15. b4
Bb6 16. Qb3 Be6 17. Nd5 Bxd5 18. cxd5 Nd8 19. Ne2 c6 20. Rac1 Qd7 21. Nc3 cxd5
22. Nxd5 Nxd5 23. Bxd5 Nc6 24. Rc2 Ne7 25. Bf3 Rfe8 26. Rfc1 Kf8 27. d4 exd4 28.
Bxd4 Bxd4 29. exd4 Rec8 30. Bg4 f5 31. Bf3 b6 32. Qd3 Rxc2 33. Rxc2 Rc8 34. Re2
a5 35. bxa5 bxa5 36. Qa6 Qc7 37. Kg2 Kf7 38. Rb2 Qc3 39. Rb7 Rd8 40. Qe2 Re8 41.
Bd5+ Kf8 42. Qe6 1-0

[Event "Reykjavik Open 2015"]
[Site "Reykjavik ISL"]
[Date "2015.03.14"]
[Round "6.112"]
[White "Kristjansson, Halldor Atli"]
[Black "Roser, Ludwig"]
[Result "1/2-1/2"]
[WhiteElo "1335"]
[BlackElo "1802"]
[WhiteFideId "2310988"]
[BlackFideId "12928119"]
[EventDate "2015.03.10"]

1. d4 d6 2. Nf3 Nf6 3. c4 Nbd7 4. Nc3 e5 5. Bg5 Be7 6. e3 O-O 7. Bd3 c6 8. O-O
h6 9. Bh4 Re8 10. Qc2 Nh5 11. Bxe7 Qxe7 12. Bf5 g6 13. Bg4 Nhf6 14. Bh3 e4 15.
Nd2 Nf8 16. Bxc8 Raxc8 17. f3 d5 18. f4 Ng4 19. Rae1 f5 20. h3 Nf6 21. Qa4 a6
22. Qa5 Qc7 23. Qxc7 Rxc7 24. Rc1 Rg7 25. cxd5 cxd5 26. Na4 Ne6 27. Nc5 Nxc5 28.
Rxc5 Rd7 29. Rfc1 Kf7 30. Rc7 Ke6 31. Nb3 b6 32. R1c6+ Rd6 33. Rc3 Re7 34. R7c6
Rd7 35. Rxd6+ Kxd6 36. Kf2 Rc7 37. Rxc7 Kxc7 38. Nd2 Kc6 39. Ke2 Kb5 40. Kd1 Kb4
41. Kc2 Nh5 42. Nf1 Nf6 43. Nd2 h5 44. Nf1 h4 45. Nd2 Nh5 46. Nf1 a5 47. a3+ Ka4
48. Kc1 b5 49. Kc2 b4 50. axb4 Kxb4 51. Kc1 a4 52. Kc2 Ng7 53. Nd2 Ne8 54. Nb1
Nc7 55. Nc3 a3 56. bxa3+ Kxa3 57. Nb1+ Kb4 58. Nc3 1/2-1/2

[Event "Reykjavik Open 2015"]
[Site "Reykjavik ISL"]
[Date "2015.03.14"]
[Round "6.117"]
[White "Meier, Gerd"]
[Black "D'Aste, Federico"]
[Result "1-0"]
[WhiteElo "1868"]
[BlackElo "1499"]
[WhiteFideId "4682971"]
[BlackFideId "899216"]
[EventDate "2015.03.10"]

1. e4 d6 2. d4 Nf6 3. Nc3 g6 4. Be2 Bg7 5. h4 h5 6. Nh3 c6 7. Ng5 O-O 8. f3 Qc7
9. Be3 e5 10. Qd2 b5 11. O-O-O a5 12. dxe5 dxe5 13. Bc5 Re8 14. Qe3 Nbd7 15. Bd6
Qb6 16. Qxb6 Nxb6 17. Bc5 Nfd7 18. Bxb6 Nxb6 19. Rd6 Bb7 20. Rhd1 b4 21. Nb1 f6
22. Nh3 Bh6+ 23. f4 exf4 24. Bf3 Rf8 25. Nd2 Rad8 26. Nb3 Rxd6 27. Rxd6 Nc4 28.
Rd7 Rb8 29. Nc5 Bc8 30. Rd8+ Kf7 31. b3 Ne3 32. Rd2 Bxh3 33. gxh3 Re8 34. Rd6
Ng2 35. Kd1 Nxh4 36. Ke2 Bf8 37. Rxc6 Nxf3 38. Kxf3 g5 39. Rc7+ Re7 40. Rxe7+
Bxe7 41. Nb7 g4+ 42. hxg4 h4 43. Kxf4 Ke6 44. Nxa5 Bd6+ 45. Kf3 h3 46. Nc4 Bc7
47. a3 bxa3 48. Nxa3 Ke5 49. Kg3 h2 50. Kxh2 Kxe4+ 51. Kh3 Kd4 52. Nb5+ 1-0

[Event "Reykjavik Open 2015"]
[Site "Reykjavik ISL"]
[Date "2015.03.14"]
[Round "6.118"]
[White "Paillat, Cecile"]
[Black "Lurdalen, Svein Erik"]
[Result "0-1"]
[WhiteElo "1485"]
[BlackElo "1824"]
[WhiteFideId "26035812"]
[BlackFideId "1519476"]
[EventDate "2015.03.10"]

1. d4 f5 2. Nf3 Nf6 3. e3 c6 4. b3 g6 5. Bb2 Bg7 6. Bc4 d5 7. Bd3 Ne4 8. O-O O-O
9. Ne5 Nd7 10. f3 Nd6 11. Nd2 Nxe5 12. dxe5 Nf7 13. f4 e6 14. Nf3 h6 15. g4 g5
16. gxf5 exf5 17. Qe1 g4 18. Nh4 Nh8 19. Kh1 Be6 20. c4 Rf7 21. cxd5 Qxd5+ 22.
e4 Qxd3 23. exf5 Rxf5 24. Nxf5 Qxf5 25. Rd1 Bf8 26. Bd4 Ng6 27. Qg3 Be7 28. Bf2
h5 29. Qd3 Bd5+ 30. Kg1 Nxf4 0-1